Población extranjera en la Comunidad de Madrid (Top 15) - Estadísticas

Estadísticas generales
  • Esta prueba ha sido intentada 285 veces
  • La puntuación promedio es 10 de 15
Estadísticas de respuestas
Hint Respuesta % Correcto
78 769 Marruecos
95%
41 644 Colombia
92%
30 050 Venezuela
90%
28 825 Perú
86%
39 776 Ecuador
85%
193 531 Rumanía
76%
60 715 China
75%
30 850 Italia
66%
21 514 Bolivia
62%
26 067 República Dominicana
53%
23 935 Ucrania
47%
25 403 Paraguay
46%
26 023 Bulgaria
43%
19 871 Honduras
33%
18 984 Polonia
31%
No se encontraron pruebas coincidentes
Distribución de puntuación
Porcentaje de gente con cada puntuación
Porcentaje por número respondido
Historial de tus puntuaciones
No has intentado esta prueba.